Statistics for Shapes and Symbols Quiz

Click here to take the quiz!

General Stats

  • This quiz has been taken 88,852 times
    (24,936 since last reset)
  • The average score is 14 of 20

Answer Stats

Answer% Correct
Heart
99%
Pi
93%
Octagon
93%
Hexagon
91%
Maple Leaf
88%
Venus Symbol
87%
Infinity
87%
Horseshoe
81%
Star of David
81%
Yin Yang
75%
Skull and Crossbones
70%
Crescent
69%
Radioactivity
69%
Trapezoid
66%
Hammer and Sickle
61%
Fleur-de-lis
43%
{Dodeca}hedron
42%
Ichthys (Jesus Fish)
36%
Ankh
27%
Caduceus
18%

Score Distribution

Percentile by Number Answered

Percent of People with Each Score

Your Score History

You have not taken this quiz since the last reset